Urban open space planning in the nordic countries and France

Αποθηκεύτηκε σε:
Λεπτομέρειες βιβλιογραφικής εγγραφής
Κύριος συγγραφέας: Wilkinson, Paul F.
Μορφή: Βιβλίο
Γλώσσα:English
Δημοσίευση: Paris : Centre des Hautes Etudes Touristiques, 1987
Σειρά:Cahiers du tourisme. Serie C ; ; 105
Θέματα:
Ετικέτες: Προσθήκη ετικέτας
Δεν υπάρχουν, Καταχωρήστε ετικέτα πρώτοι!

MARC

LEADER 00000nam a2200000 i 4500
001 1/67833
008 960619s1987 eng d
035 |l 10030083 
040 |a GR-MY-UA  |b gre  |e aacr 
041 0 |a eng 
082 0 |a 338.4791 
100 1 |a Wilkinson, Paul F. 
245 1 0 |a Urban open space planning in the nordic countries and France /  |c Paul F. Wilkinson 
260 |a Paris :   |b Centre des Hautes Etudes Touristiques,   |c 1987 
490 1 |a Cahiers du tourisme. Serie C  |v ; 105 
650 0 0 |a Tourism. 
650 0 0 |a Open spaces  |z Scandinavia. 
650 0 0 |a City planning  |z Scandinavia. 
830 0 |a Cahiers du tourisme. Serie C ;  |v ; 105 
852 |a INST  |b CHIOS  |e 19960619  |h 338.4791 WIL  |p 005200007721  |q 005200007721  |t BK  |y 0 
909 |a Χ  |b 032175